Car Brands and Its Online Reputation on Social Media
Reputácia a online reputácia. Štruktúra online reputačného manažmentu. Online reputácia značiek automobilového priemyslu v rámci sociálnych médií.
Saved in:
| Main Author: | |
|---|---|
| Other Authors: | |
| Format: | Book Chapter |
| Language: | Slovak |
| Subjects: | |
| Tags: |
No Tags, Be the first to tag this record!
|
MARC
| LEADER | 00000naa$a2200000$$$4500 | ||
|---|---|---|---|
| 001 | 0254485 | ||
| 005 | 20240502074052.6 | ||
| 041 | 0 | |a slo | |
| 044 | |a SK | ||
| 245 | 1 | 0 | |a Car Brands and Its Online Reputation on Social Media |c Vladimír Hojdik, Štefan Majtán |
| 520 | |a Reputácia a online reputácia. Štruktúra online reputačného manažmentu. Online reputácia značiek automobilového priemyslu v rámci sociálnych médií. | ||
| 610 | 2 | 0 | |a médiá sociálne |
| 610 | 2 | 0 | |a automobilizmus |
| 610 | 2 | 0 | |a značky |
| 610 | 2 | 0 | |a reputácia podniku |
| 100 | 1 | |a Hojdik, Vladimír, 1992- | |
| 700 | 1 | |a Majtán, Štefan | |